Villes fondées par les Français - mort subite - Statistiques

Statistiques générales
  • Ce quiz a été pris 106 fois
  • Le résultat moyen est 2 sur 6
Answers on the Grid
Answers color-coded by a green-red scale on the quiz's grid according to % correct below.
La Nouvelle Orléans
Paris
Marseille
St Louis (E-U)
Sao Luis
Sydney
Detroit
Pékin
Lyon
Kinshasa
Libreville
Brazzaville
 
Statistiques - réponses
Réponse % Correct
La Nouvelle Orléans
92%
St Louis (E-U)
45%
Libreville
32%
Brazzaville
28%
Detroit
25%
Sao Luis
15%
Aucun quiz correspondant
Distribution des résultats
% des personnes avec chaque résultat
Percentile par nombre de réponses
Votre historique - résultats
Vous n’avez pas pris ce quiz